|
|
|
|
| LEADER |
00000cam a2200000 a 4500 |
| 001 |
vtls011609410 |
| 003 |
SK-MaSNL |
| 005 |
20260301094406.0 |
| 008 |
200115s2016 xo oa frn 000 0 slo |
| 015 |
|
|
|a SNBA2017/02
|
| 020 |
|
|
|a 9788097248734
|q (brožované)
|
| 035 |
|
|
|a urn:nbn:sk:snk-am00cwhb
|
| 035 |
|
|
|a urn:nbn:sk:snk-am3hn82
|
| 035 |
|
|
|a EFFD8109-CCDC-48AF-8331-AE34400CF36E
|
| 040 |
|
|
|a SNK
|b slo
|c SNK
|e AACR2
|
| 041 |
0 |
|
|a slo
|
| 044 |
|
|
|a xo
|c SK
|
| 072 |
|
7 |
|a 27-5
|x Liturgia. Kresťanské umenie a symbolika. Duchovný život
|2 konspekt
|
| 072 |
|
7 |
|a 72
|x Architektúra
|2 konspekt
|
| 080 |
|
|
|a 27-526.6
|2 2011
|
| 080 |
|
|
|a 725.94
|2 2011
|
| 080 |
|
|
|a (048.8)
|2 2011
|
| 080 |
|
|
|a 2-64/-67
|2 2011
|
| 100 |
1 |
|
|a Kaľavský, Ľubomír (historik)
|4 aut
|4 pht
|9 178110
|
| 245 |
1 |
0 |
|a Pluralita kríža
|n 4. časť
|p Sakrosanktum
|c Ľubomír Kaľavský
|
| 250 |
|
|
|a 1. vyd.
|
| 260 |
|
|
|a Bijacovce
|b Ľubomír Kaľavský
|c 2016
|
| 300 |
|
|
|a 62 s., lxv s. fotogr. príl.
|b fotogr., ilustr.
|c 21 cm
|
| 366 |
|
|
|e 100 kusov
|
| 504 |
|
|
|a Obsahuje bibliografiu a bibliografické odkazy
|
| 650 |
0 |
7 |
|a kríž (kresťanský symbol)
|2 SNKPH
|9 1949
|
| 650 |
0 |
7 |
|a Holy Cross
|2 SNKPHeng
|9 351406
|
| 650 |
0 |
7 |
|a náboženský pluralizmus
|2 SNKPH
|9 1593
|
| 650 |
0 |
7 |
|a Religious pluralism
|2 SNKPHeng
|9 331398
|
| 655 |
|
7 |
|a monografie
|2 SNKPH
|9 70139
|
| 655 |
|
7 |
|a Monographs
|2 SNKPHeng
|9 120675
|
| 852 |
|
|
|a Slovenská národná knižnica
|
| 919 |
|
|
|a 978-80-972487-3-4
|
| 958 |
|
|
|a NB
|
| 958 |
|
|
|a NT
|
| 999 |
|
|
|c 680149
|d 682079
|
| 952 |
|
|
|a SNK
|b SNK
|y PREZ
|7 0
|p 17A1252678
|o snkSC 173772/4
|i snk2017/3415
|8 0
|0 0
|1 0
|4 0
|d 2017-02-07
|f 1
|l 0
|r 2025-09-11 00:00:00
|w 2026-02-23
|
| 952 |
|
|
|a SNK
|b SNK
|y VYP
|7 0
|p 17A1252679
|o snkSC 173772/4 D1
|i snk2017/3417
|8 0
|0 0
|1 0
|4 0
|d 2017-02-07
|l 0
|r 2026-02-23 19:54:29
|w 2026-02-23
|